Normal view
MARC view
- ELECTRICITY AND MAGNETISM WITH ELECTRONICS
Entry Topical Term
001 - CONTROL NUMBER
- control field: 74237
003 - CONTROL NUMBER IDENTIFIER
- control field: NUST
005 - DATE AND TIME OF LATEST TRANSACTION
- control field: 20210628205151.0
008 - FIXED-LENGTH DATA ELEMENTS
- fixed length control field: 210628|| aca||aabn | a|a d
040 ## - CATALOGING SOURCE
- Original cataloging agency: NUST
- Transcribing agency: NUST
150 ## - HEADING--TOPICAL TERM
- Topical term or geographic name entry element: ELECTRICITY AND MAGNETISM WITH ELECTRONICS
670 ## - SOURCE DATA FOUND
- Source citation: Work cat.: (NUST): Tewari, K.K ,Dr 74236, Electricity and magnetism with electronics, 2014
